000 00409nam a22001697a 4500
005 20160623151425.0
008 160623b xxu||||| |||| 00| 0 eng d
020 _a978-0-07-062003-2
041 _aeng
082 _b9392
100 _aO'Brien, James A and Marakas, George Mc
_92587
245 _aManagement Information System
260 _bTMH
300 _a563
650 _aManagement
_9241
942 _cBK
999 _c3690
_d3689